Drug Resistance in Cancer Cells (Record no. 23844)
[ view plain ]
| 000 -LEADER | |
|---|---|
| fixed length control field | 00461nam a22001697a 4500 |
| 003 - CONTROL NUMBER IDENTIFIER | |
| control field | NUST |
| 008 - FIXED-LENGTH DATA ELEMENTS--GENERAL INFORMATION | |
| fixed length control field | 140422b xxu||||| |||| 00| 0 eng d |
| 020 ## - INTERNATIONAL STANDARD BOOK NUMBER | |
| International Standard Book Number | 9780387894447 |
| Terms of availability | Available |
| 038 ## - RECORD CONTENT LICENSOR | |
| Staff Name | Nusrat Nadeem |
| 050 ## - LIBRARY OF CONGRESS CALL NUMBER | |
| Item number | 002554 |
| 082 ## - DEWEY DECIMAL CLASSIFICATION NUMBER | |
| Classification number | 616.99 ZAH |
| 100 ## - MAIN ENTRY--PERSONAL NAME | |
| Personal name | Siddik Zahid H |
| 9 (RLIN) | 21383 |
| 245 ## - TITLE STATEMENT | |
| Title | Drug Resistance in Cancer Cells |
| Statement of responsibility, etc. | Zahid H Siddik |
| 260 ## - PUBLICATION, DISTRIBUTION, ETC. | |
| Place of publication, distribution, etc. | USA |
| Name of publisher, distributor, etc. | Springer |
| Date of publication, distribution, etc. | 2009 |
| 538 ## - SYSTEM DETAILS NOTE | |
| Display text | Bioinformatics Lab (Photocopy Book) |
| 942 ## - ADDED ENTRY ELEMENTS (KOHA) | |
| Source of classification or shelving scheme | |
| Koha item type | Book |
| Withdrawn status | Lost status | Source of classification or shelving scheme | Damaged status | Not for loan | Permanent Location | Current Location | Shelving location | Date acquired | Total Checkouts | Total Renewals | Full call number | Barcode | Date last seen | Date last checked out | Price effective from | Koha item type | Checked out |
|---|---|---|---|---|---|---|---|---|---|---|---|---|---|---|---|---|---|
| Central Library (CL) | Central Library (CL) | General Stacks | 04/22/2014 | 1 | 2 | 616.99ZAH | RCMS002554 | 09/30/2020 | 11/21/2019 | 04/22/2014 | Book | ||||||
| School of Interdisciplinary Engineering and Sciences (SINES) | School of Interdisciplinary Engineering and Sciences (SINES) | Text Books | 09/25/2019 | 1 | 2 | 616.99 ZAH | RCMS002922 | 06/30/2021 | 06/30/2021 | 09/25/2019 | Text Books | 06/01/2023 |
